| 000 | 00517nam a22001697a 4500 | ||
|---|---|---|---|
| 008 | 101122t sp||||| |||| 00| 0 sp d | ||
| 020 | _a8472543803 (O.C.) | ||
| 050 |
_aND31 _bG73 2001 |
||
| 245 | 1 | 0 | _aGran diccionario de la pintura |
| 250 | _a1a ed. | ||
| 260 |
_aEspaƱa : _bArte Carroggio, _c2001 |
||
| 300 | _a2 V. | ||
| 505 | _aV.1 Siglo XIX -- V.2 Siglo XIV-XVIII | ||
| 650 | 7 |
_2Lemb _aPintura moderna _vDiccionarios _ySiglo XIX |
|
| 650 | 7 |
_2Lemb _aPintura Moderna _vDiccionarios _ySiglo XX |
|
| 942 |
_2ddc _cLIB |
||
| 999 |
_c4142 _d4142 |
||